000 00644nam a2200217 i 4500
001 124397
003 ES-MaACL
005 20250813062607.0
007 t|
008 070323s1928 sp ||||1| spa d
080 _a91(45)(022)
100 1 _aGreim, Georg.
_959928
245 1 0 _aGeografía de Italia /
_cGeorg Greim ; traducción de Carlos de Salas.
260 _aBarcelona :
_bLabor,
_c[1928]
300 _a205 p., 16 lám. y 2 mapas :
_bil. ;
_c17 cm.
490 1 _aColección Labor ;
_v148
700 1 _aSalas, Carlos de.
_9101725
830 0 0 _aColección Labor
_v148
_9184254
852 _aES-MaACL
_jE-2673
999 _c124397
_d124397